The law relating to medical profession in India (Record no. 374927)

000 -LEADER
fixed length control field 00433cam a22001337a 4500
008 - FIXED-LENGTH DATA ELEMENTS--GENERAL INFORMATION
fixed length control field 180718b1962 xxu||||| |||| 00| 0 eng d
082 ## - DEWEY DECIMAL CLASSIFICATION NUMBER
Classification number O11103x54 Sa84
100 ## - MAIN ENTRY--PERSONAL NAME
Personal name Satyanarayana
245 ## - TITLE STATEMENT
Title The law relating to medical profession in India
Statement of responsibility, etc. by Satyanarayana and Krishna Rao
260 ## - PUBLICATION, DISTRIBUTION, ETC.
Place of publication, distribution, etc. Hyderabad
Name of publisher, distributor, etc. Bestseller Publications
Date of publication, distribution, etc. 1962
300 ## - PHYSICAL DESCRIPTION
Extent 313p.
650 ## - SUBJECT ADDED ENTRY--TOPICAL TERM
Topical term or geographic name entry element Medical Profession - Legislation - India
700 ## - ADDED ENTRY--PERSONAL NAME
Personal name Rao, Krishna
Holdings
Withdrawn status Lost status Damaged status Not for loan Permanent Location Current Location Date acquired Full call number Barcode Date last seen Price effective from Koha item type
        Indian Institute of Public Administration Indian Institute of Public Administration 1994-06-30 O11103x54 Sa84 31611 2018-07-21 2018-07-21 Book

Powered by Koha